00698nam a2200193 i 450000100060000000300090000600500170001500700030003200800410003502000180007610000310009424501020012526000350022730000300026250500340029285200340032699900170036095201270037751065ES-MaACL20230906162305.0t|030808s1983 fr ||||1| fre d a2-252-02437-21 aChantraine, Pierre.93798810aDictionnaire étymologique de la langue grecque b: histoire des mots / cpar Pierre Chantraine. aParis : bKlincksieck, c1983. a2 v. (1368 p.) ; c28 cm.8 aContiene: V. I: A-K. -- V. II aES-MaACLjC-1914-5 bR.113119 c51065d51065 00104070aATENEOMbATENEOMcGaleríad2008-01-17eSCl0oC-1914-5p1053699r2023-02-23 00:00:00w2023-02-23yMONOGRAFIA